| 000 | 00511nam a2200157 i 4500 | ||
|---|---|---|---|
| 001 | bg | ||
| 100 | 1 | _aWALCZAK, Paweł Grzegorz | |
| 245 | 0 |
_aGeometria różniczkowa w zadaniach / _cPaweł Grzegorz Walczak, Włodzimierz Waliszewski. |
|
| 260 |
_aWarszawa, _c1981. |
||
| 700 | 1 | _aWALISZEWSKI, Włodzimierz | |
| 040 | _cBPK | ||
| 041 | _apol | ||
| 942 | _cKS | ||
| 008 | s pl f |000 0 pol | ||
| 856 |
_uhttp://koha.tu.koszalin.pl/cgi-bin/koha/opac-detail.pl?biblionumber=1644 _yKatalog online BPK |
||
| 999 |
_c1644 _d1644 |
||